Statistics for New Zealand Test Cricket - 3000 or more test runs

Click here to take the quiz!

General Stats

  • This quiz has been taken 271 times
    (22 since last reset)
  • The average score is 10 of 15

Answer Stats

Years Active Runs Player % Correct
2007-Present6917Ross Taylor
100%
1994-20087172Stephen Fleming
95%
2004-20156453Brendon McCullum
95%
2010-Present6218Kane Williamson
95%
2014-20193460Tom Latham
79%
1982-19955444Martin Crowe
68%
1997-20144523Daniel Vettori
68%
1989-20043320Chris Cairns
68%
1996-20064702Nathan Astle
63%
2009-Present3539B J Watling
63%
1973-19903124Richard Hadlee
63%
1978-19935334John Wright
53%
1997-20053116Craig McMillan
42%
1965-19783448Bevan Congdon
37%
1949-19653428John R Reid
32%

Score Distribution

Percentile by Number Answered

Percent of People with Each Score

Your Score History

You have not taken this quiz since the last reset